000 00459nam a2200181Ia 4500
001 2896
005 20260306144841.0
008 260306t2007||||xx |||||||||||||| ||spa||
041 _aESP
082 _a231.901
_bR27 P. 1
100 _aRatzinger, Joseph
_eAUT
245 0 _aJesús de Nazareth:
_bdesde el bautismo a la transfiguración
260 _c2007
300 _a447 páginas :
_c23 cm.
650 _aGEN
654 _aCHU
942 _cLIB
_dJUS
_fJUS
_2ddc
_n
999 _c2896
_d2896